01271cam a22002774a 45000010009000000050017000090080041000260100017000670200022000840200015001060500021001211000019001422450096001612600058002573000049003155000219003645040060005836100054006436100065006976500068007626500034008306500036008647000022009007100032009227100039009541312273420170127091152.0030313s2003 vauab bc 001 0 eng  a 2003045384 a0883971402 (pbk.) a088397141000aN7860b.D87 20031 aDuston, Allen.10aSaint Peter and the Vatican :bthe legacy of the popes /cAllen Duston and Roberto Zagnoli. aAlexandria, Va. :bArt Services International,c2003. a521 p. :bill. (chiefly col.), map ;c30 cm. aCatalog of an exhibition organized by Arts Services International and held at the Houston Museum of Natural Science, Museum of Art (Fort Lauderdale, Fla.), Cincinnati Museum Center, and the San Diego Museum of Art. aIncludes bibliographical references (p. 505) and index.20aCatholic ChurchxLiturgical objectsvExhibitions.20aVatican Palace (Vatican City)xArt collectionsvExhibitions. 0aChristian art and symbolismyModern period, 1500-vExhibitions. 0aPapacyxHistoryvExhibitions. 0aArtzVatican CityvExhibitions.1 aZagnoli, Roberto.2 aArt Services International.2 aHouston Museum of Natural Science.